Julieta Campos : para rescatar a Eurídice /

La presente compilación está integrada por once trabajos sobre las novelas, ensayos y la obra de teatro de Campos y forma parte de la colección Desbordar el canón, resultante de un proyecto del Taller de Teoría y Crítica Literaria Diana Morán, orientado al análisis y difusión de las creaciones de es...

Whakaahuatanga katoa

I tiakina i:
Ngā taipitopito rārangi puna kōrero
Kaituhi matua: Gutiérrez de Velasco, Luzelena (edición)
Ētahi atu kaituhi: Castro Ricalde, Maricruz (presentación) (presentación)
Hōputu: Pukapuka
Reo:Pāniora
I whakaputaina: Toluca, México : México : Instituto Tecnológico y de Estudios Superiores de Monterrey, Campus Estado de México ; Universidad Autónoma Metropolitana, 2010, c2010
Rangatū:(Desbordar el Canon)
Ngā marau:
Ngā Tūtohu: Tāpirihia he Tūtohu
Kāore He Tūtohu, Me noho koe te mea tuatahi ki te tūtohu i tēnei pūkete!

MARC

LEADER 00000nam^a2200000^a^4500
001 000318269
005 20250521000000.0
009 20260310113408.035
020 |a 978-607-477-251-7 
037 |a Acervo ITESO - Biblioteca 
041 |a ESP 
082 |a 860. 97206  |b DES V. 8 
100 |a Gutiérrez de Velasco, Luzelena  |e (edición) 
245 1 0 |a Julieta Campos :  |b para rescatar a Eurídice /  |c Ed. e introd. de L. Gutiérrez de Velasco ; presen. de M. Castro Ricalde. 
264 4 |a Toluca, México :  |b Instituto Tecnológico y de Estudios Superiores de Monterrey, Campus Estado de México ;  |a México :  |b Universidad Autónoma Metropolitana,  |c 2010, c2010 
300 |a 198 p. 
336 |a texto  |b txt  |2 rdacontenido 
337 |a sin mediación  |b n  |2 rdamedio 
338 |a volumen  |b nc  |2 rdasoporte 
440 1 |a (Desbordar el Canon) 
520 |a La presente compilación está integrada por once trabajos sobre las novelas, ensayos y la obra de teatro de Campos y forma parte de la colección Desbordar el canón, resultante de un proyecto del Taller de Teoría y Crítica Literaria Diana Morán, orientado al análisis y difusión de las creaciones de escritoras de la literatura mexicana del siglo XX: Campos, la duranguense Nellie Campobello (1900-1986), la moreliana Concha Urquiza (1910-1945), la tabasqueña Josefina Vicens (1915-1988), la poblana Elena Garro (1917-1998), la tapatía Guadalupe Dueñas (1920-2002), las capitalinas Rosario Castellanos (1925-1974), Luisa Josefina Hernández (1928) y María Luisa Puga (1944-2004), la zacatecana Amparo Dávila (1928) y la coahuilense Enriqueta Ochoa (1928-2008). 
545 0 |a Julieta Campos (La Habana, 1932 – Ciudad de México, 2007), escritora mexicana de origen cubano. Doctora en Letras por la Universidad de La Habana, estudió Literatura Francesa en la Universidad de La Sorbona (1953-54) y se estableció desde 1955 en México, donde ejerció inicialmente como traductora. Alcanzó el reconocimiento crítico con Muerte por agua (1965), su primera novela, que la situó como una de las representantes de la "nouveau roman" en la literatura hispanoamericana. Prosiguió su obra narrativa con el libro de relatos Celina o los gatos (1968), y las novelas Tiene los cabellos rojizos y se llama Sabina (1974, Premio Xavier Villaurrutia), El miedo de perder a Eurídice (1979) y La forza del destino (2004), esta última un reencuentro con sus orígenes isleños. La prolífica producción ensayística de Campos arribó, por su parte, a un punto de inflexión cuando acompañó a su esposo, Enrique González Pedrero, durante su gestión como gobernador de Tabasco en los años 1983-87: el énfasis en intereses y quehaceres literarios del que son ejemplos El oficio de leer (1971), Función de la novela (1973) o La herencia obstinada: análisis de cuentos nahuas (1982), se trasladó a las preocupaciones socioeconómicas expresadas en ¿Qué hacemos con los pobres?: la reiterada querella por la nación (1995) y Tabasco: un jaguar despertado: alternativas para la pobreza (1996). También autora de la obra de teatro Jardín de invierno (1978-88), Julieta Campos presidió el Pen Club de México (1979-82) y dirigió la Revista de la Universidad (1981-85), entre las diversas facetas que conformaron su trayectoria literaria. 
649 |a XX 
650 |a Escritores Cubanos 
650 |a Cuentos Mexicanos -  |x Historia y Crítica 
650 |a Novela Mexicana -  |x Historia y Crítica 
650 |a Teatro Mexicano -  |x Historia y Crítica 
650 |a Libros de Viajes Mexicanos -  |x Historia y Crítica 
650 |a Ensayos Mexicanos -  |x Historia y Crítica 
650 |a Cuba en la Literatura -  |x Historia y Crítica 
650 |a Literatura Indígena -  |z México -  |x Historia y Crítica 
650 |a Literatura de Mujeres -  |z México -  |x Historia y Crítica -  |x Tema Principal 
650 |a Literatura Mexicana -  |x Historia y Crítica 
650 |a Literatura Mexicana -  |y Siglo XX 
650 |a Campos, Julieta -  |x Tema Principal 
700 |a Castro Ricalde, Maricruz  |e (presentación) 
910 |a Fondo General 
920 |a Impresos - Libros 
930 |a Colección General 
940 |a Literatura 
905 |a 101 
901 |a 0500205475  |b IT1  |c LIT  |i C130565  |u 20250521 
902 |a https://opac.biblio.iteso.mx/vufind/Record/000318269